Statistics for Famous People Named Taylor

Click here to take the quiz!

General Stats

  • This quiz has been taken 217 times
  • The average score is 5 of 13

Answer Stats

HintPerson% Correct
Singer of "Shake It Off" and "Blank Space"Taylor Swift
93%
Classic Hollywood star of CleopatraElizabeth Taylor
63%
Played Jacob Black in The Twilight SagaTaylor Lautner
53%
Singer of "You've Got a Friend" and "Fire and Rain"James Taylor
52%
12th president of the United StatesZachary Taylor
50%
One of the 3 brother singers of "MMMBop"Taylor Hanson
43%
Drummer of QueenRoger Taylor
39%
Actor from Home Improvement and Lion KingJonathan Taylor Thomas
26%
Basketball player and shoe named after himChuck Taylor
25%
Singer of "Tell It to My Heart"Taylor Dayne
22%
Drummer of the Foo FightersTaylor Hawkins
19%
Winner of 5th season of American IdolTaylor Hicks
14%
Guitarist who left the Rolling Stones in 1974Mick Taylor
9%

Score Distribution

Percentile by Number Answered

Percent of People with Each Score

Your Score History

You have not taken this quiz